|
|
|
|
| LEADER |
00000nam0a2200000 4500 |
| 001 |
175985 |
| 005 |
20240830142423.0 |
| 035 |
|
|
|a (RuTPU)RU\TPU\book\190784
|
| 090 |
|
|
|a 175985
|
| 100 |
|
|
|a 20100219g1981 m a0rusy5003 ca
|
| 101 |
0 |
|
|a rus
|
| 102 |
|
|
|a RU
|
| 105 |
|
|
|a ac z 000ay
|
| 200 |
1 |
|
|a Избранные сочинения
|e В 2-х т.
|f В. В. Маяковский
|g авт. предисл. А. Ушакова
|
| 210 |
|
|
|a Москва
|c Художественная литература
|d 1981-
|
| 675 |
|
|
|a Р2
|
| 700 |
|
1 |
|a Маяковский
|b В. В.
|c русский поэт
|f 1893-1930
|g Владимир Владимирович
|3 (RuTPU)RU\TPU\pers\1040
|9 463
|
| 702 |
|
1 |
|a Ушакова
|b А.
|4 080
|
| 801 |
|
0 |
|a RU
|b RuMRKP
|c 19950704
|g psbo
|
| 801 |
|
1 |
|a RU
|b 63413507
|c 20100219
|
| 801 |
|
2 |
|a RU
|b 63413507
|c 20180516
|g RCR
|
| 942 |
|
|
|c BK
|